01302nam a2200193Ia 4500008005200000020001800052082001900070100001600089245002500105250000800130260004800138300002500186504069300211520013200904650001001036650002401046650002401070650001401094200103s 2001 ||||xx |||||||||||||| ||und|| a9780521800846 a523.80223bTIR aTirion, Wil 4aCambridge star atlas a3rd bCambridge University Pressc2001aCambridge avi, 90 p.: col. ill. aContents Cover The Cambridge Star Atlas Title Copyright CONTENTS PREFACE THE MOON Observing the Moon Different orientations of the Moon SEASONAL SKY MAPS Choosing the right map THE MESSIER OBJECTS STAR CHARTS Stars Magnitudes Stars names Constellations Variable stars Double stars Open and globular clusters Diffuse and planetary nebulae Galaxies The Galactic Equator The ecliptic The Moon and the planets Abbreviations used in the star chart tables ALL-SKY MAPS The constellations Distribution of open clusters Distribution of globular clusters Distribution of diffuse nebulae Distribution of planetary nebulaDistribution of galaxies EXOPLANET SOURCES AND REFERENCES Catalogues Atlases  aIdeal for astronomers worldwide, the fourth edition of this classic atlas features new Moon maps, new data and enhanced charts. aStars aNorthern Hemisphere aSouthern Hemisphere aAstronomy